Score 0/42 Timer 03:00
2 Plays Today
Hint Answer % Correct
CEIICE
95.6%
OWNSSNOW
95%
THAHAT
92.9%
TACOCOAT
91.7%
DOLCCOLD
91%
ELDSSLED
90.3%
DIWNWIND
89.9%
WNE RAYENEW YEAR
85.2%
SOLGVEGLOVES
84.5%
RACFSSCARF
82.2%
TANAS SACULSANTA CLAUS
80.2%
CKAEJTJACKET
79.7%
THO OCELOTCAHHOT CHOCOLATE
79%
REZEFEFREEZE
78.6%
YACDN ACNECANDY CANE
78.5%
ECI TASGKNIICE SKATING
74.5%
STRIMAHCSCHRISTMAS
65.8%
ISGIKNSKIING
65.5%
NSOAWMNSNOWMAN
65.4%
CLEIICICICLE
63.1%
OBOSTBOOTS
59.4%
Hint Answer % Correct
OLHVESSHOVEL
57.5%
FORTSFROST
53.5%
STEELSLEET
50.5%
REDEEMCBDECEMBER
49.2%
AAAKNWZKWANZAA
48.8%
ERDNIEREREINDEER
45.1%
TENTSIMMITTENS
44.9%
SERPENTSPRESENTS
43.9%
RAJAYUNJANUARY
43.7%
NAHKAHUKHANUKKAH
38.9%
RETSEWASWEATER
36.7%
RBZAILDZBLIZZARD
36.2%
BURRYAEFFEBRUARY
34.9%
ESAFOWLNKSNOWFLAKE
33.3%
SLAYHOIDHOLIDAYS
32.3%
DIRTSFDRIFTS
30.8%
OCTAVANIVACATION
15.3%
DRBGERINAEGGINGERBREAD
11%
FEMURFASEARMUFFS
10.4%
RIDDLEEDREIDEL
7.7%
LIFECAREPFIREPLACE
4.9%

You're not logged in!

Compare scores with friends on all Sporcle quizzes.
OR
Log In

Sporcle TV

Today on Sporcle TV


Watch our educational content, quiz creation guides, and fun videos on Sporcle TV.

Show Comments

Extras

Top Quizzes Today


Score Distribution

Your Account Isn't Verified!

In order to create a playlist on Sporcle, you need to verify the email address you used during registration. Go to your Sporcle Settings to finish the process.

Report this User

Report this user for behavior that violates our Community Guidelines.

Details: